Películas por foto #4 - Estadísticas

Estadísticas generales
  • Esta prueba ha sido intentada 600 veces
  • La puntuación promedio es 10 de 16
Estadísticas de respuestas
Imagen Respuesta % Correcto
Dumbo
98%
Joker
98%
Matrix
94%
Kill Bill
81%
Rocky
73%
La sociedad de los Poetas Muertos
71%
Taxi Driver
66%
Cantando bajo la lluvia
57%
Diario de una pasión
57%
Corazón valiente
54%
La lista de Schindler
54%
Desayuno con diamantes
49%
Casablanca
45%
Viernes de locos
42%
Alien
35%
Historias cruzadas
32%
No se encontraron pruebas coincidentes
Distribución de puntuación
Porcentaje de gente con cada puntuación
Porcentaje por número respondido
Historial de tus puntuaciones
No has intentado esta prueba.